[Event "7th Boris Kostic mem"]
[Site "Vrsac"]
[EventDate "1977.09.14"]
[Date "1977.09.14"]
[Round "1"]
[White "Torre, Eugenio"]
[Black "Quinteros, Miguel Angel"]
[Result "1/2-1/2"]
[WhiteElo "2550"]
[BlackElo "2555"]
[PlyCount "26"]
[Source "Perpetual Check"]

1. e4 c6 2. d4 d5 3. Nd2 dxe4 4. Nxe4 Bf5 5. Ng3 Bg6 6. Nf3 Nd7 7. Bd3 Bxd3 8.
Qxd3 Ngf6 9. O-O e6 10. Re1 Be7 11. Bg5 O-O 12. Rad1 Nd5 13. Bxe7 Nxe7 1/2-1/2

[Event "7th Boris Kostic mem"]
[Site "Vrsac"]
[EventDate "1977.09.14"]
[Date "1977.09.14"]
[Round "1"]
[White "Bukic, Enver"]
[Black "Marovic, Drazen"]
[Result "1/2-1/2"]
[WhiteElo "2490"]
[BlackElo "2475"]
[PlyCount "32"]
[Source "Perpetual Check"]

1. d4 d5 2. c4 e6 3. Nc3 Nf6 4. Bg5 Be7 5. e3 O-O 6. Nf3 h6 7. Bh4 b6 8. Bd3 c5
9. O-O cxd4 10. Nxd4 Bb7 11. Qe2 Nbd7 12. cxd5 Nxd5 13. Bxe7 Nxc3 14. Bxd8
Nxe2+ 15. Bxe2 Rfxd8 16. Rac1 Rac8 1/2-1/2

[Event "7th Boris Kostic mem"]
[Site "Vrsac"]
[EventDate "1977.09.14"]
[Date "1977.09.14"]
[Round "1"]
[White "Hernandez Onna, Roman"]
[Black "Makarichev, Sergei"]
[Result "1/2-1/2"]
[WhiteElo "2435"]
[BlackElo "2515"]
[PlyCount "44"]
[Source "Perpetual Check"]

1. c4 e5 2. Nc3 Nf6 3. Nf3 Nc6 4. g3 Nd4 5. Bg2 Nxf3+ 6. Bxf3 Bb4 7. Qc2 c6 8.
a3 Be7 9. O-O d6 10. Rd1 Qd7 11. d4 Qh3 12. Bg5 Qf5 13. Qxf5 Bxf5 14. dxe5 dxe5
15. b4 Nd7 16. Be3 Nb6 17. b5 Bd7 18. bxc6 bxc6 19. Nb5 cxb5 20. Bxa8 Nxa8 21.
cxb5 Nb6 22. a4 Bd8 1/2-1/2

[Event "7th Boris Kostic mem"]
[Site "Vrsac"]
[EventDate "1977.09.14"]
[Date "1977.09.14"]
[Round "1"]
[White "Kapelan, Milorad"]
[Black "Smejkal, Jan"]
[Result "0-1"]
[WhiteElo "2340"]
[BlackElo "2575"]
[PlyCount "74"]
[Source "Perpetual Check"]

1. Nf3 Nf6 2. c4 c5 3. Nc3 d5 4. cxd5 Nxd5 5. g3 g6 6. d3 Bg7 7. Bd2 b6 8. Bg2
Bb7 9. O-O O-O 10. Nxd5 Bxd5 11. Bc3 Nc6 12. Qa4 Rc8 13. Rfd1 e5 14. Nd2 Bxg2
15. Kxg2 Qe7 16. Nc4 e4 17. Ne3 exd3 18. Rxd3 Nd4 19. Rad1 Qb7+ 20. f3 b5 21.
Qa5 Rfe8 22. b4 Nc6 23. Qa3 cxb4 24. Bxb4 a5 25. Bd6 b4 26. Qb3 Qb6 27. Ng4 h5
28. Ne3 a4 29. Qc2 Nd4 30. Qxc8 Rxc8 31. Bf4 b3 32. Nd5 Qe6 33. e4 bxa2 34. Be3
Nb3 35. Nf4 Qe8 36. Bd4 Bxd4 37. Rxd4 Nxd4 0-1

[Event "7th Boris Kostic mem"]
[Site "Vrsac"]
[EventDate "1977.09.14"]
[Date "1977.09.14"]
[Round "1"]
[White "Janosevic, Dragoljub"]
[Black "Marjanovic, Slavoljub"]
[Result "1/2-1/2"]
[WhiteElo "2435"]
[BlackElo "2355"]
[PlyCount "81"]
[Source "Perpetual Check"]

1. e4 c5 2. Nf3 d6 3. d4 cxd4 4. Nxd4 Nf6 5. Nc3 a6 6. Bc4 e6 7. Bb3 b5 8. O-O
Be7 9. f4 Bb7 10. e5 dxe5 11. fxe5 Bc5 12. Be3 Nc6 13. exf6 Nxd4 14. Qh5 Qc7
15. Rae1 g6 16. Qh3 O-O-O 17. Kh1 h5 18. Bf4 Bd6 19. Bxd6 Rxd6 20. Ne4 Bxe4 21.
Rxe4 Rhd8 22. a4 Qc6 23. Re3 b4 24. Ree1 Kb7 25. Qh4 a5 26. Re5 Nxb3 27. Rb5+
Ka6 28. cxb3 Rd1 29. Qf2 R1d5 30. Qf3 R8d6 31. Rb8 Rf5 32. Qe2+ Ka7 33. Rf8
Rxf1+ 34. Qxf1 Qd7 35. Qf2+ Kb7 36. Qf3+ Kc7 37. Qf4 Kb7 38. h3 Qc7 39. Qf3+
Rd5 40. Re8 Qc1+ 41. Kh2 1/2-1/2

[Event "7th Boris Kostic mem"]
[Site "Vrsac"]
[EventDate "1977.09.14"]
[Date "1977.09.14"]
[Round "1"]
[White "Matanovic, Aleksandar"]
[Black "Ivanovic, Bozidar"]
[Result "0-1"]
[WhiteElo "2505"]
[BlackElo "2440"]
[PlyCount "144"]
[Source "Perpetual Check"]

1. e4 c5 2. Nf3 Nc6 3. d4 cxd4 4. Nxd4 Nf6 5. Nc3 d6 6. f4 Bd7 7. Be2 Rc8 8.
Nb3 g6 9. Be3 Bg7 10. O-O O-O 11. Kh1 Qc7 12. Qe1 Qb8 13. Bg1 Rfd8 14. a3 Be8
15. Rd1 Qc7 16. Qg3 Qb8 17. Qe3 Bd7 18. h3 Be6 19. f5 Bd7 20. Bh2 Ne5 21. Nd4
b5 22. Bxe5 dxe5 23. Nb3 Be8 24. fxg6 hxg6 25. Rxd8 Rxd8 26. Qc5 Bf8 27. Rd1
Rxd1+ 28. Bxd1 e6 29. Qf2 Kg7 30. Qe3 Qc7 31. Be2 b4 32. axb4 Bxb4 33. Na2 Be7
34. Nc3 a5 35. Qd3 Qb6 36. Nd1 Bc6 37. Nd2 Qb7 38. Bf3 Bb4 39. c3 Bc5 40. b3
Ba7 41. Kh2 Nd7 42. h4 Qc7 43. Qe2 Qd8 44. g3 Qb6 45. Kh3 Nc5 46. Nb2 Bb5 47.
Qe1 Ba6 48. Qd1 Qb8 49. Kg2 Qb5 50. Nbc4 Bb8 51. Qc2 Bc7 52. Nb2 f5 53. c4 Qd7
54. Qc3 Kf7 55. Qe3 Bb6 56. Qh6 Qd4 57. exf5 gxf5 58. Na4 Nxa4 59. Bc6 e4 60.
Qh5+ Kg7 61. Qg5+ Kf8 62. Kh3 Nc5 63. Qg6 Bd8 64. h5 Qf6 65. Qe8+ Kg7 66. Nf1
Bb7 67. Bxb7 Nxb7 68. Qc6 Qe7 69. Ne3 Nd6 70. Ng2 Qc7 71. Qa6 Qb6 72. Qa8 Nf7
0-1

[Event "7th Boris Kostic mem"]
[Site "Vrsac"]
[EventDate "1977.09.14"]
[Date "1977.09.15"]
[Round "2"]
[White "Ivanovic, Bozidar"]
[Black "Knezevic, Milorad"]
[Result "1/2-1/2"]
[WhiteElo "2440"]
[BlackElo "2500"]
[PlyCount "30"]
[Source "Perpetual Check"]

1. e4 c6 2. d4 d5 3. Nc3 dxe4 4. Nxe4 Nf6 5. Nxf6+ exf6 6. Bc4 Bd6 7. Ne2 Qc7
8. Ng3 O-O 9. O-O c5 10. dxc5 Bxc5 11. Bd3 Nd7 12. Qh5 g6 13. Qh4 Re8 14. Bh6
Qe5 15. c3 Bf8 1/2-1/2

[Event "7th Boris Kostic mem"]
[Site "Vrsac"]
[EventDate "1977.09.14"]
[Date "1977.09.15"]
[Round "2"]
[White "Marjanovic, Slavoljub"]
[Black "Matanovic, Aleksandar"]
[Result "1/2-1/2"]
[WhiteElo "2355"]
[BlackElo "2505"]
[PlyCount "23"]
[Source "Perpetual Check"]

1. d4 Nf6 2. c4 e6 3. Nf3 b6 4. a3 Bb7 5. Nc3 d5 6. e3 Be7 7. b4 a5 8. b5 Nbd7
9. Bb2 Bd6 10. cxd5 exd5 11. Qb3 O-O 12. g3 1/2-1/2

[Event "7th Boris Kostic mem"]
[Site "Vrsac"]
[EventDate "1977.09.14"]
[Date "1977.09.15"]
[Round "2"]
[White "Kurajica, Bojan"]
[Black "Janosevic, Dragoljub"]
[Result "1/2-1/2"]
[WhiteElo "2530"]
[BlackElo "2435"]
[PlyCount "106"]
[Source "Perpetual Check"]

1. e4 c5 2. Nf3 Nc6 3. d4 cxd4 4. Nxd4 Qc7 5. Nc3 e6 6. g3 a6 7. Bg2 Nf6 8. O-O
h6 9. Nce2 Nxd4 10. Nxd4 Bc5 11. c3 d6 12. Kh1 O-O 13. f4 d5 14. e5 Ne4 15. Be3
Bd7 16. Qh5 f5 17. exf6 Nxf6 18. Qh4 Rae8 19. Rae1 Ne4 20. Qh5 Bxd4 21. Bxd4
Bb5 22. Rf3 Rf5 23. Qh4 Qf7 24. Bh3 Rh5 25. Qg4 Rxh3 26. Qxh3 e5 27. Bf2 Ng5
28. fxg5 Qxf3+ 29. Qg2 Qf7 30. Kg1 d4 31. g6 Qd7 32. cxd4 Bc6 33. d5 Bxd5 34.
Rd1 Rd8 35. Qf1 Qe8 36. Bb6 Rd6 37. Qd3 Qxg6 38. Qxg6 Rxg6 39. Bc7 Bxa2 40.
Bxe5 Re6 41. Rd8+ Kh7 42. Bc3 Re7 43. Kf2 Bc4 44. g4 Bb5 45. h4 Bd7 46. Kg3
Re3+ 47. Kf2 Rd3 48. Ke2 Rxc3 49. bxc3 Bxg4+ 50. Ke3 Bh3 51. Kf2 Bf5 52. Ke3
Bh3 53. Kf2 Be6 1/2-1/2

[Event "7th Boris Kostic mem"]
[Site "Vrsac"]
[EventDate "1977.09.14"]
[Date "1977.09.15"]
[Round "2"]
[White "Smejkal, Jan"]
[Black "Schmidt, Wlodzimierz"]
[Result "1/2-1/2"]
[WhiteElo "2575"]
[BlackElo "2490"]
[PlyCount "53"]
[Source "Perpetual Check"]

1. Nf3 Nf6 2. c4 g6 3. g3 Bg7 4. Bg2 c5 5. O-O O-O 6. d4 cxd4 7. Nxd4 d5 8.
cxd5 Nxd5 9. Nc3 Nxc3 10. bxc3 Nc6 11. Nxc6 bxc6 12. Qxd8 Rxd8 13. Bxc6 Bh3 14.
Bxa8 Bxf1 15. Kxf1 Bxc3 16. Rb1 Rxa8 17. Rb7 e6 18. Bh6 a6 19. e4 Rc8 20. Ra7
a5 21. Ke2 f5 22. Kd3 Bb4 23. Rg7+ Kh8 24. Rd7 Kg8 25. Rg7+ Kh8 26. Rb7 Kg8 27.
Rg7+ 1/2-1/2

[Event "7th Boris Kostic mem"]
[Site "Vrsac"]
[EventDate "1977.09.14"]
[Date "1977.09.15"]
[Round "2"]
[White "Makarichev, Sergei"]
[Black "Kapelan, Milorad"]
[Result "1/2-1/2"]
[WhiteElo "2515"]
[BlackElo "2340"]
[PlyCount "34"]
[Source "Perpetual Check"]

1. c4 Nf6 2. Nc3 e6 3. e4 d6 4. d4 Be7 5. Nf3 c5 6. Be2 O-O 7. O-O b6 8. d5 e5
9. Ne1 Ne8 10. Bg4 Nd7 11. g3 g6 12. Bh6 Ng7 13. Qd2 f5 14. exf5 gxf5 15. Bh3
Nf6 16. f4 e4 17. Ng2 Qe8 1/2-1/2

[Event "7th Boris Kostic mem"]
[Site "Vrsac"]
[EventDate "1977.09.14"]
[Date "1977.09.15"]
[Round "2"]
[White "Marovic, Drazen"]
[Black "Hernandez Onna, Roman"]
[Result "1-0"]
[WhiteElo "2475"]
[BlackElo "2435"]
[PlyCount "67"]
[Source "Perpetual Check"]

1. Nf3 c5 2. c4 Nf6 3. Nc3 Nc6 4. d4 cxd4 5. Nxd4 g6 6. e4 Bg7 7. Be3 O-O 8.
Be2 b6 9. O-O Bb7 10. f3 Ne8 11. Qd2 Nd6 12. Rad1 Rc8 13. b3 f5 14. exf5 gxf5
15. f4 Ne4 16. Nxe4 fxe4 17. Nb5 d6 18. Bg4 Rb8 19. Be6+ Kh8 20. Bd5 a6 21. Nc3
e6 22. Bxe4 Qf6 23. Ne2 d5 24. cxd5 exd5 25. Bf3 Rfe8 26. Bxb6 d4 27. Bc7 Rbc8
28. Be5 Nxe5 29. fxe5 Qb6 30. Qxd4 Qxd4+ 31. Nxd4 Bxf3 32. Nxf3 Bxe5 33. Nxe5
Rxe5 34. Rd2 1-0

[Event "7th Boris Kostic mem"]
[Site "Vrsac"]
[EventDate "1977.09.14"]
[Date "1977.09.15"]
[Round "2"]
[White "Torre, Eugenio"]
[Black "Bukic, Enver"]
[Result "1/2-1/2"]
[WhiteElo "2550"]
[BlackElo "2490"]
[PlyCount "22"]
[Source "Perpetual Check"]

1. c4 Nf6 2. Nc3 c5 3. Nf3 e6 4. g3 Nc6 5. Bg2 d5 6. cxd5 Nxd5 7. O-O Be7 8. d4
O-O 9. e4 Nxc3 10. bxc3 Bf6 11. Be3 Qa5 1/2-1/2

[Event "7th Boris Kostic mem"]
[Site "Vrsac"]
[EventDate "1977.09.14"]
[Date "1977.09.16"]
[Round "3"]
[White "Bukic, Enver"]
[Black "Quinteros, Miguel Angel"]
[Result "1/2-1/2"]
[WhiteElo "2490"]
[BlackElo "2555"]
[PlyCount "92"]
[Source "Perpetual Check"]

1. Nf3 g6 2. d4 Bg7 3. c4 Nf6 4. Nc3 O-O 5. e4 d6 6. Be2 e5 7. Be3 Ng4 8. Bg5
f6 9. Bc1 Nc6 10. O-O f5 11. dxe5 dxe5 12. Qxd8 Rxd8 13. Bg5 Rf8 14. Rad1 h6
15. Bc1 Nf6 16. Nh4 Kh7 17. exf5 gxf5 18. f3 Kg8 19. Bd3 Nd4 20. Rde1 Re8 21.
Ne2 Nxe2+ 22. Rxe2 e4 23. Bc2 Bd7 24. fxe4 Nxe4 25. Nxf5 Bxf5 26. Rxf5 Ng3 27.
Rxe8+ Rxe8 28. hxg3 Re1+ 29. Kh2 Rxc1 30. Bb3 Bxb2 31. c5+ Kg7 32. Rf7+ Kg6 33.
Rxc7 Bd4 34. Rxb7 Bxc5 35. g4 Bd6+ 36. g3 Rc3 37. Rxa7 Bxg3+ 38. Kg2 Bf4 39.
Ra5 Rg3+ 40. Kf2 Rxg4 41. Kf3 Rh4 42. Bc2+ Kg7 43. a4 Bg5 44. Rc5 Rh3+ 45. Kg4
Ra3 46. Kf5 Rf3+ 1/2-1/2

[Event "7th Boris Kostic mem"]
[Site "Vrsac"]
[EventDate "1977.09.14"]
[Date "1977.09.16"]
[Round "3"]
[White "Hernandez Onna, Roman"]
[Black "Torre, Eugenio"]
[Result "1/2-1/2"]
[WhiteElo "2435"]
[BlackElo "2550"]
[PlyCount "55"]
[Source "Perpetual Check"]

1. d4 c5 2. d5 Nf6 3. c4 g6 4. Nc3 Bg7 5. e4 d6 6. Bd3 O-O 7. f4 e6 8. dxe6
fxe6 9. Nge2 Nc6 10. O-O Nd4 11. Ng3 Nd7 12. Qg4 a6 13. Be3 b6 14. Kh1 Qe7 15.
a4 Bb7 16. Rae1 Rae8 17. h4 Kh8 18. h5 g5 19. fxg5 Ne5 20. Qd1 Kg8 21. Kg1
Rxf1+ 22. Rxf1 Rf8 23. h6 Bh8 24. Nh5 Bc6 25. Bf4 Be8 26. Be2 Bg6 27. Be3 Rxf1+
28. Bxf1 1/2-1/2

[Event "7th Boris Kostic mem"]
[Site "Vrsac"]
[EventDate "1977.09.14"]
[Date "1977.09.16"]
[Round "3"]
[White "Kapelan, Milorad"]
[Black "Marovic, Drazen"]
[Result "1/2-1/2"]
[WhiteElo "2340"]
[BlackElo "2475"]
[PlyCount "29"]
[Source "Perpetual Check"]

1. Nf3 g6 2. c4 Bg7 3. d4 c5 4. Nc3 cxd4 5. Nxd4 Nc6 6. Nb3 d6 7. e4 Nf6 8. Be2
a5 9. Be3 a4 10. Nd4 Qa5 11. O-O a3 12. Nb3 Qb4 13. Bc1 O-O 14. Qc2 axb2 15.
Bxb2 1/2-1/2

[Event "7th Boris Kostic mem"]
[Site "Vrsac"]
[EventDate "1977.09.14"]
[Date "1977.09.16"]
[Round "3"]
[White "Schmidt, Wlodzimierz"]
[Black "Makarichev, Sergei"]
[Result "1/2-1/2"]
[WhiteElo "2490"]
[BlackElo "2515"]
[PlyCount "30"]
[Source "Perpetual Check"]

1. Nf3 Nf6 2. c4 b6 3. g3 Bb7 4. Bg2 c5 5. O-O g6 6. d4 cxd4 7. Qxd4 Bg7 8. Nc3
O-O 9. Qh4 d6 10. Rd1 Nbd7 11. Bh6 Rc8 12. Bxg7 Kxg7 13. Rac1 Qc7 14. b3 Qc5
15. Qf4 a6 1/2-1/2

[Event "7th Boris Kostic mem"]
[Site "Vrsac"]
[EventDate "1977.09.14"]
[Date "1977.09.16"]
[Round "3"]
[White "Janosevic, Dragoljub"]
[Black "Smejkal, Jan"]
[Result "1-0"]
[WhiteElo "2435"]
[BlackElo "2575"]
[PlyCount "74"]
[Source "Perpetual Check"]

1. e4 e5 2. Nf3 Nc6 3. Bb5 Nf6 4. O-O Nxe4 5. d4 Nd6 6. Bxc6 dxc6 7. dxe5 Nf5
8. Qe2 Nd4 9. Nxd4 Qxd4 10. Rd1 Bg4 11. Rxd4 Bxe2 12. Nc3 Bh5 13. Bg5 h6 14.
Bh4 Bc5 15. Rd2 g5 16. Ne4 Be7 17. Bg3 Rd8 18. Re1 Rxd2 19. Nxd2 Kd7 20. Nb3 c5
21. f4 Ke6 22. Na5 Rb8 23. Nc4 Rd8 24. Ne3 Bg6 25. Rf1 gxf4 26. Bxf4 h5 27. g3
b5 28. c4 c6 29. b3 Be4 30. Rf2 a5 31. Re2 Bg6 32. Kf2 a4 33. Bh6 Rd3 34. Ng2
Kf5 35. Nf4 Rc3 36. cxb5 axb3 37. axb3 {time} 1-0

[Event "7th Boris Kostic mem"]
[Site "Vrsac"]
[EventDate "1977.09.14"]
[Date "1977.09.16"]
[Round "3"]
[White "Matanovic, Aleksandar"]
[Black "Kurajica, Bojan"]
[Result "1/2-1/2"]
[WhiteElo "2505"]
[BlackElo "2530"]
[PlyCount "42"]
[Source "Perpetual Check"]

1. e4 c5 2. Nf3 Nc6 3. d4 cxd4 4. Nxd4 Qc7 5. Be2 Nf6 6. Nc3 e6 7. O-O a6 8.
Kh1 d6 9. f4 Be7 10. Be3 Bd7 11. a4 O-O 12. Qe1 Rfe8 13. Qg3 d5 14. e5 Ne4 15.
Nxe4 dxe4 16. c3 Nxd4 17. Bxd4 b5 18. axb5 axb5 19. Qe3 Qb7 20. h3 Bc6 21. Kh2
h6 1/2-1/2

[Event "7th Boris Kostic mem"]
[Site "Vrsac"]
[EventDate "1977.09.14"]
[Date "1977.09.16"]
[Round "3"]
[White "Knezevic, Milorad"]
[Black "Marjanovic, Slavoljub"]
[Result "0-1"]
[WhiteElo "2500"]
[BlackElo "2355"]
[PlyCount "62"]
[Source "Perpetual Check"]

1. Nf3 Nf6 2. d3 g6 3. g3 Bg7 4. Bg2 O-O 5. O-O d6 6. e4 e5 7. a4 h6 8. Re1 Nc6
9. c3 Re8 10. Na3 Bd7 11. h3 a6 12. d4 exd4 13. Nxd4 Re7 14. f3 d5 15. Nxc6
Bxc6 16. e5 Qe8 17. f4 Bxa4 18. Nc2 Bxc2 19. Qxc2 c6 20. Be3 Nd7 21. c4 dxc4
22. Qxc4 Kh7 23. Rad1 f6 24. Rd6 fxe5 25. Rxg6 Kxg6 26. Be4+ Kf6 27. Rd1 Bf8
28. Bc2 Kg7 29. Rd6 Kh8 30. Qe4 Rf7 31. Rg6 Rd8 0-1

[Event "7th Boris Kostic mem"]
[Site "Vrsac"]
[EventDate "1977.09.14"]
[Date "1977.09.17"]
[Round "4"]
[White "Quinteros, Miguel Angel"]
[Black "Ivanovic, Bozidar"]
[Result "1/2-1/2"]
[WhiteElo "2555"]
[BlackElo "2440"]
[PlyCount "74"]
[Source "Perpetual Check"]

1. c4 e5 2. Nc3 d6 3. Nf3 Nd7 4. d4 g6 5. e4 Bg7 6. Be2 a5 7. Be3 Ngf6 8. h3
O-O 9. O-O exd4 10. Nxd4 Re8 11. Qc2 Nc5 12. Bf3 Bd7 13. Rfe1 h6 14. Nb3 Nxb3
15. Qxb3 Bc6 16. Qc2 Nd7 17. Nd5 b6 18. Rad1 Nc5 19. b3 Kh7 20. Re2 Bb7 21. g3
c6 22. Nf4 Qe7 23. Bg2 Qc7 24. f3 Rad8 25. Red2 Bc8 26. g4 f5 27. gxf5 gxf5 28.
exf5 Rxe3 29. f6+ Kg8 30. fxg7 d5 31. Rd4 Qxg7 32. cxd5 cxd5 33. Nxd5 Ree8 34.
Ne7+ Qxe7 35. Qg6+ Kh8 36. Qxh6+ Kg8 37. Qg6+ Kh8 1/2-1/2

[Event "7th Boris Kostic mem"]
[Site "Vrsac"]
[EventDate "1977.09.14"]
[Date "1977.09.17"]
[Round "4"]
[White "Smejkal, Jan"]
[Black "Matanovic, Aleksandar"]
[Result "1-0"]
[WhiteElo "2575"]
[BlackElo "2505"]
[PlyCount "73"]
[Source "Perpetual Check"]

1. c4 Nf6 2. Nc3 e6 3. Nf3 Bb4 4. Qc2 O-O 5. b3 b6 6. Bb2 Bb7 7. e3 d5 8. Be2
Nbd7 9. O-O a6 10. Rfd1 Qe7 11. a3 Bd6 12. d4 Rfc8 13. b4 c5 14. bxc5 bxc5 15.
cxd5 exd5 16. dxc5 Nxc5 17. Qf5 Nb3 18. Rab1 Bc6 19. Bxa6 Rcb8 20. Bf1 Bxa3 21.
Ne5 Be8 22. Bxa3 Qxa3 23. Nxd5 Nxd5 24. Rxd5 Nc1 25. Rxb8 Rxb8 26. h3 Qc3 27.
Bc4 Qe1+ 28. Kh2 Ne2 29. Nf3 Qxf2 30. Qe5 Rc8 31. Rc5 Rd8 32. Rd5 Rc8 33. Rc5
Rd8 34. Qc7 Rd7 35. Qe5 Kf8 36. Rc8 Re7 37. Qc5 1-0

[Event "7th Boris Kostic mem"]
[Site "Vrsac"]
[EventDate "1977.09.14"]
[Date "1977.09.17"]
[Round "4"]
[White "Makarichev, Sergei"]
[Black "Janosevic, Dragoljub"]
[Result "1/2-1/2"]
[WhiteElo "2515"]
[BlackElo "2435"]
[PlyCount "91"]
[Source "Perpetual Check"]

1. e4 c5 2. Nf3 Nc6 3. Bb5 Nf6 4. e5 Nd5 5. O-O Nc7 6. Bxc6 dxc6 7. h3 h6 8. d3
g5 9. Nh2 Be6 10. Nd2 Qd7 11. Re1 O-O-O 12. Qh5 Bg7 13. a4 Nd5 14. Nc4 Rhg8 15.
Bd2 f5 16. Qe2 f4 17. a5 Qe8 18. Ng4 Bf8 19. f3 h5 20. Nf2 Qg6 21. Rab1 Bh6 22.
Qe4 Qg7 23. Qe2 Rdf8 24. Rf1 g4 25. fxg4 f3 26. gxf3 Bxd2 27. Nxd2 Nf4 28. Qe3
Nxh3+ 29. Nxh3 hxg4 30. Ng5 gxf3 31. Rxf3 Qxg5+ 32. Qxg5 Rxg5+ 33. Kf2 Rfg8 34.
c4 Rh8 35. Ne4 Rxe5 36. b3 Bf5 37. Ke3 Rd8 38. Re1 Bxe4 39. dxe4 Rd4 40. Rf4
Rh5 41. Ref1 Rh3+ 42. R1f3 Rh1 43. Rf1 Rd1 44. Rf8+ Kc7 45. Rxd1 Rxd1 46. Re8
1/2-1/2

[Event "7th Boris Kostic mem"]
[Site "Vrsac"]
[EventDate "1977.09.14"]
[Date "1977.09.17"]
[Round "4"]
[White "Bukic, Enver"]
[Black "Hernandez Onna, Roman"]
[Result "1/2-1/2"]
[WhiteElo "2490"]
[BlackElo "2435"]
[PlyCount "38"]
[Source "Perpetual Check"]

1. Nf3 Nf6 2. c4 e6 3. g3 b6 4. Bg2 Bb7 5. O-O c5 6. Nc3 Be7 7. d4 cxd4 8. Qxd4
d6 9. Rd1 a6 10. b3 Nbd7 11. Bb2 O-O 12. e4 Qc7 13. Qe3 Rac8 14. h3 Rfe8 15.
Rac1 Qb8 16. Nd4 Bf8 17. Re1 g6 18. Rcd1 Qa8 19. Re2 Nc5 1/2-1/2

[Event "7th Boris Kostic mem"]
[Site "Vrsac"]
[EventDate "1977.09.14"]
[Date "1977.09.18"]
[Round "5"]
[White "Hernandez Onna, Roman"]
[Black "Quinteros, Miguel Angel"]
[Result "0-1"]
[WhiteElo "2435"]
[BlackElo "2555"]
[PlyCount "60"]
[Source "Perpetual Check"]

1. d4 Nf6 2. c4 g6 3. Nc3 Bg7 4. e4 d6 5. Be2 O-O 6. Nf3 e5 7. O-O Nc6 8. d5
Ne7 9. Nd2 c5 10. a3 Ne8 11. b4 b6 12. bxc5 bxc5 13. Nb3 f5 14. Bd2 Kh8 15. a4
Nf6 16. exf5 gxf5 17. Nb5 Qd7 18. f4 Ne4 19. Ba5 Ng6 20. Nc7 Rb8 21. Ne6 Rg8
22. fxe5 Bxe5 23. Bf3 Qe7 24. Bxe4 fxe4 25. Ra2 Bxe6 26. dxe6 Qxe6 27. Re2 Qxc4
28. Nd2 Qd4+ 29. Kh1 d5 30. Qe1 Rgf8 0-1

[Event "7th Boris Kostic mem"]
[Site "Vrsac"]
[EventDate "1977.09.14"]
[Date "1977.09.18"]
[Round "5"]
[White "Kapelan, Milorad"]
[Black "Bukic, Enver"]
[Result "1/2-1/2"]
[WhiteElo "2340"]
[BlackElo "2490"]
[PlyCount "35"]
[Source "Perpetual Check"]

1. Nf3 c5 2. c4 g6 3. d4 cxd4 4. Nxd4 Bg7 5. e4 Nc6 6. Be3 Nf6 7. Nc3 d6 8. Be2
Bd7 9. O-O O-O 10. Rc1 Nxd4 11. Bxd4 Bc6 12. f3 a5 13. b3 Nd7 14. Be3 Nc5 15.
Qd2 Kh8 16. Nd5 f5 17. Bg5 Rf7 18. Bd3 1/2-1/2

[Event "7th Boris Kostic mem"]
[Site "Vrsac"]
[EventDate "1977.09.14"]
[Date "1977.09.18"]
[Round "5"]
[White "Schmidt, Wlodzimierz"]
[Black "Torre, Eugenio"]
[Result "1/2-1/2"]
[WhiteElo "2490"]
[BlackElo "2550"]
[PlyCount "55"]
[Source "Perpetual Check"]

1. Nf3 Nf6 2. c4 d6 3. d4 g6 4. Nc3 Bg7 5. g3 O-O 6. Bg2 c6 7. O-O Bf5 8. Nh4
Bd7 9. e4 e5 10. Nf3 Re8 11. h3 Na6 12. Re1 Nc7 13. Be3 b6 14. a4 Qb8 15. Rb1
c5 16. d5 Na6 17. Rf1 Nb4 18. Ne1 Rf8 19. Nd3 Ne8 20. Kh2 Qd8 21. Ra1 a5 22.
Qd2 Nc7 23. Rae1 Qe7 24. b3 Rae8 25. Nc1 Bc8 26. Nd3 Qd8 27. Nb2 Bd7 28. Nd3
1/2-1/2

[Event "7th Boris Kostic mem"]
[Site "Vrsac"]
[EventDate "1977.09.14"]
[Date "1977.09.18"]
[Round "5"]
[White "Janosevic, Dragoljub"]
[Black "Marovic, Drazen"]
[Result "0-1"]
[WhiteElo "2435"]
[BlackElo "2475"]
[PlyCount "64"]
[Source "Perpetual Check"]

1. e4 e6 2. d4 d5 3. Nc3 Bb4 4. e5 c5 5. Bd2 Ne7 6. Nb5 Bxd2+ 7. Qxd2 O-O 8. f4
a6 9. Nd6 cxd4 10. Nf3 Nbc6 11. Bd3 f6 12. O-O fxe5 13. fxe5 Rxf3 14. Rxf3 Nxe5
15. Rh3 Qxd6 16. Bxh7+ Kf8 17. Rf1+ Ke8 18. Qg5 Kd8 19. Qxg7 Kc7 20. c3 dxc3
21. Rxc3+ Kb6 22. Rf7 N7c6 23. Rb3+ Ka5 24. Rf2 b5 25. h4 Ra7 26. Qg8 Rc7 27.
h5 Qe7 28. Bd3 Qh4 29. Be2 Nd4 30. Rc3 Rxc3 31. bxc3 Nxe2+ 32. Rxe2 Ng4 0-1

[Event "7th Boris Kostic mem"]
[Site "Vrsac"]
[EventDate "1977.09.14"]
[Date "1977.09.18"]
[Round "5"]
[White "Matanovic, Aleksandar"]
[Black "Makarichev, Sergei"]
[Result "1/2-1/2"]
[WhiteElo "2505"]
[BlackElo "2515"]
[PlyCount "41"]
[Source "Perpetual Check"]

1. e4 e5 2. Nf3 Nf6 3. Nxe5 d6 4. Nf3 Nxe4 5. d4 Be7 6. Bd3 d5 7. O-O Nc6 8.
Re1 Bg4 9. c4 Nf6 10. cxd5 Nxd5 11. Nc3 O-O 12. Be4 Be6 13. Qc2 h6 14. Bf5 Ncb4
15. Qb1 Bxf5 16. Qxf5 Nf6 17. Bf4 Bd6 18. Be5 Qd7 19. Qxd7 Nxd7 20. Rad1 Nb6
21. Bxd6 1/2-1/2

[Event "7th Boris Kostic mem"]
[Site "Vrsac"]
[EventDate "1977.09.14"]
[Date "1977.09.18"]
[Round "5"]
[White "Ivanovic, Bozidar"]
[Black "Marjanovic, Slavoljub"]
[Result "0-1"]
[WhiteElo "2440"]
[BlackElo "2355"]
[PlyCount "156"]
[Source "Perpetual Check"]

1. e4 c5 2. Nf3 d6 3. d4 cxd4 4. Nxd4 Nf6 5. Nc3 a6 6. Be3 e5 7. Nf3 Qc7 8. a4
Be6 9. Bd3 h6 10. O-O Be7 11. a5 Nbd7 12. Re1 O-O 13. Bf1 Rac8 14. h3 Qc6 15.
Bd2 Rfd8 16. g3 d5 17. exd5 Nxd5 18. Bg2 Bf6 19. Ra3 b5 20. axb6 N7xb6 21. Qa1
Nb4 22. Qc1 Qd7 23. Rd1 Qe7 24. Ne4 Nxc2 25. Rc3 Nd4 26. Nxd4 exd4 27. Rxc8
Rxc8 28. Qa1 Nc4 29. Bf4 g5 30. Bc1 a5 31. b3 Ne5 32. Ba3 Qd8 33. Nxf6+ Qxf6
34. Qxd4 Bxh3 35. f4 gxf4 36. Bb2 Bxg2 37. Qxe5 Qxe5 38. Bxe5 Bf3 39. Rf1 Bd5
40. Rxf4 Bxb3 41. Rg4+ Kf8 42. Rh4 Rc6 43. Bf4 Kg7 44. Rg4+ Kf8 45. Rh4 Kg7 46.
Rg4+ Rg6 47. Rh4 a4 48. Be5+ Kg8 49. Rb4 Re6 50. Bd4 Kh7 51. Kf2 Bd1 52. Rb7
Re2+ 53. Kf1 Kg6 54. Rb6+ Kh7 55. Rb7 Kg6 56. Rb6+ Kh5 57. Rd6 Re6 58. Bc5 Bb3
59. Kf2 Re5 60. Be3 Rf5+ 61. Bf4 Rxf4+ 62. gxf4 a3 63. Ra6 a2 64. Kg3 Bc4 65.
Ra5+ Kg6 66. Kf2 h5 67. Ke3 h4 68. Kf3 Kf6 69. f5 Kg5 70. Kg2 Kf4 71. Kh3 Ke4
72. Kxh4 Kd4 73. Kg5 Kc3 74. Ra7 Kb2 75. Rb7+ Bb3 76. Kf6 a1=Q 77. Rxb3+ Kxb3+
78. Kxf7 Qa7+ 0-1

[Event "7th Boris Kostic mem"]
[Site "Vrsac"]
[EventDate "1977.09.14"]
[Date "1977.09.20"]
[Round "6"]
[White "Quinteros, Miguel Angel"]
[Black "Marjanovic, Slavoljub"]
[Result "1/2-1/2"]
[WhiteElo "2555"]
[BlackElo "2355"]
[PlyCount "85"]
[Source "Perpetual Check"]

1. Nf3 d5 2. g3 c5 3. Bg2 Nc6 4. O-O Nf6 5. d3 h6 6. c3 Bf5 7. Nbd2 e6 8. a3
Be7 9. b4 O-O 10. bxc5 Bxc5 11. Nb3 Bd6 12. Nfd4 Bh7 13. a4 e5 14. Nb5 Be7 15.
Ba3 a6 16. Bxe7 Qxe7 17. Na3 Rac8 18. Bh3 Rc7 19. Qd2 e4 20. d4 e3 21. Qxe3
Qxe3 22. fxe3 Re8 23. Ra2 Rxe3 24. Rf3 Rce7 25. Bc8 Rxf3 26. exf3 Na7 27. Bh3
Re3 28. Kf2 Rxc3 29. Rb2 Nc6 30. Bf1 g5 31. h3 Bd3 32. Bxd3 Rxd3 33. Nc2 Rc3
34. Nc5 Nxd4 35. Nxd4 Rxc5 36. Rb6 Rc4 37. Nf5 Nd7 38. Rxb7 Nc5 39. Ra7 d4 40.
Nxh6+ Kg7 41. Nxf7 Rc2+ 42. Ke1 Kf6 43. Nd6 1/2-1/2